WIND TUNNEL TESTING OF HIGH RISE BUILDIINGS / (Record no. 589765)

000 -LEADER
fixed length control field 00328nam a22001337a 4500
020 ## - INTERNATIONAL STANDARD BOOK NUMBER
Qualifying information PB.
040 ## - CATALOGING SOURCE
Transcribing agency FIZZA ISHAQ
082 ## - DEWEY DECIMAL CLASSIFICATION NUMBER
Classification number 690.21
Author Mark PET
100 ## - MAIN ENTRY--PERSONAL NAME
Personal name IRWIN,PETER.
9 (RLIN) 91634
245 ## - TITLE STATEMENT
Title WIND TUNNEL TESTING OF HIGH RISE BUILDIINGS /
Statement of responsibility, etc. PETER IRWIN.
260 ## - PUBLICATION, DISTRIBUTION, ETC.
Place of publication, distribution, etc. ROUTLEDGE ;
Date of publication, distribution, etc. 2013.
300 ## - PHYSICAL DESCRIPTION
Extent 47 P. ;
942 ## - ADDED ENTRY ELEMENTS (KOHA)
Source of classification or shelving scheme
Koha item type Book
Holdings
Withdrawn status Lost status Source of classification or shelving scheme Damaged status Not for loan Permanent Location Current Location Date acquired Total Checkouts Full call number Barcode Date last seen Price effective from Koha item type
          NUST Baluchistan Campus (NBC) NUST Baluchistan Campus (NBC) 05/17/2022   690.21 PET Q-4144 05/17/2022 05/17/2022 Book
© 2023 Central Library, National University of Sciences and Technology. All Rights Reserved.